[Event "POL-ch U18 Girls"]
[Site "Leba"]
[Date "2006.03.28"]
[Round "5"]
[White "Skupinska, Anna"]
[Black "Giemza, Joanna"]
[Result "1/2-1/2"]
[WhiteElo "1890"]
[BlackElo "1940"]
[PlyCount "21"]
[EventDate "2006.03.25"]
[EventType "swiss"]
[EventRounds "11"]
[EventCountry "POL"]
[SourceTitle "CBM 111 Extra"]
[Source "ChessBase"]
[SourceDate "2006.05.09"]
[SourceVersion "1"]
[SourceVersionDate "2006.05.09"]
[SourceQuality "1"]

1. e4 e6 2. d4 d5 3. exd5 exd5 4. Bd3 c5 5. Nf3 Nc6 6. dxc5 Bxc5 7. 0-0 Nf6 8. Re1+ Ne7 9. Bg5 Qb6 10. Qe2 0-0 11. Nc3 1/2-1/2

[Event "POL-ch U18 Girls"]
[Site "Leba"]
[Date "2006.03.26"]
[Round "3"]
[White "Skupinska, Anna"]
[Black "Szerszen, Joanna"]
[Result "1-0"]
[WhiteElo "1890"]
[BlackElo "1800"]
[PlyCount "47"]
[EventDate "2006.03.25"]
[EventType "swiss"]
[EventRounds "11"]
[EventCountry "POL"]
[SourceTitle "CBM 111 Extra"]
[Source "ChessBase"]
[SourceDate "2006.05.09"]
[SourceVersion "1"]
[SourceVersionDate "2006.05.09"]
[SourceQuality "1"]

1. e4 c5 2. Nf3 d6 3. Bb5+ Bd7 4. Bxd7+ Nxd7 5. c4 Ngf6 6. Nc3 e6 7. d4 cxd4 8. Nxd4 a6 9. 0-0 Be7 10. b3 0-0 11. Be3 Nb6 12. Rc1 d5 13. cxd5 exd5 14. e5 Nfd7 15. f4 Nc5 16. Qg4 Qd7 17. f5 f6 18. Bh6 Bd8 19. e6 Qe7 20. Rf3 Kh8 21. Bf4 Rg8 22. Rh3 g6 23. fxg6 Rg7 24. Nf5 1-0

[Event "POL-ch U16 Girls"]
[Site "Leba"]
[Date "2004.04.02"]
[Round "8"]
[White "Skupinska, Anna"]
[Black "Zdziarska, Lidia"]
[Result "1/2-1/2"]
[WhiteElo "1900"]
[BlackElo "1909"]
[PlyCount "28"]
[EventDate "2004.03.27"]
[EventType "swiss"]
[EventRounds "11"]
[EventCountry "POL"]
[SourceTitle "EXT 2005"]
[Source "ChessBase"]
[SourceDate "2004.11.15"]
[SourceVersion "1"]
[SourceVersionDate "2004.11.15"]
[SourceQuality "1"]

1. e4 c5 2. Nf3 d6 3. Bb5+ Bd7 4. Bxd7+ Qxd7 5. c4 Nc6 6. Nc3 Nf6 7. 0-0 g6 8. d4 cxd4 9. Nxd4 Bg7 10. Nde2 Rc8 11. f3 0-0 12. b3 Rfd8 13. Bg5 e6 14. Rc1 a6 1/2-1/2

[Event "POL-ch U16 Girls"]
[Site "Leba"]
[Date "2004.03.27"]
[Round "1"]
[White "Skupinska, Anna"]
[Black "Kozak, Magdalena"]
[Result "0-1"]
[WhiteElo "1900"]
[BlackElo "2071"]
[PlyCount "106"]
[EventDate "2004.03.27"]
[EventType "swiss"]
[EventRounds "11"]
[EventCountry "POL"]
[SourceTitle "EXT 2005"]
[Source "ChessBase"]
[SourceDate "2004.11.15"]
[SourceVersion "1"]
[SourceVersionDate "2004.11.15"]
[SourceQuality "1"]

1. e4 e6 2. d4 d5 3. exd5 exd5 4. Bd3 Bd6 5. Qf3 Nc6 6. c3 Nge7 7. Ne2 0-0 8. Bg5 Re8 9. Nd2 Be6 10. 0-0-0 Qd7 11. h3 Bf5 12. Bxf5 Qxf5 13. Qxf5 Nxf5 14. Rhe1 h6 15. Bf4 Rxe2 16. Rxe2 Bxf4 17. Rde1 Nd6 18. Kc2 Kf8 19. Nf3 Ne4 20. Kd3 f6 21. b3 Rd8 22. Rb2 a5 23. a3 f5 24. Ree2 Kf7 25. Nh4 Kf6 26. g4 fxg4 27. hxg4 Kg5 28. Nf5 g6 29. Ne3 Bxe3 30. Rxe3 Kf4 31. Rh3 Rh8 32. f3 Ng5 33. Rhh2 Nd8 34. c4 dxc4+ 35. bxc4 b6 36. Rhe2 Nde6 37. Re5 Nxd4 38. Rxg5 hxg5 39. Kxd4 Kxf3 40. c5 Rd8+ 41. Kc4 Rc8 42. cxb6 cxb6+ 43. Kb5 Rc3 44. Kxb6 Rxa3 45. Kc5 Kxg4 46. Rb6 Kg3 47. Rxg6 g4 48. Kd4 Kf3 49. Rf6+ Kg2 50. Ke4 g3 51. Rg6 Kf2 52. Rf6+ Kg1 53. Rg6 g2 0-1